000 00545nam a2200169Ia 4500
008 110201s9999 xx 000 0 und d
082 _bB197
_aK 17
100 _aधाराशिवकर मुकुंद
245 _aरिंगण
260 _bगं्रथाली,अभिनव वाचक चळवळ
365 _b22
600 _aधाराशिवकर मुकुंद
630 _aरिंगण
700 _aधाराशिवकर मुकुंद
730 _aरिंगण
942 _cBOOK
999 _c827769
_d827766